000 00859nam a2200265 i 4500
001 94180
003 ES-MaACL
005 20250911062648.0
007 t|
008 050630s2004 sp |||| | spa d
020 _a84-233-3613-1
080 _a821.134.2-31"19"
100 1 _aLaforet, Carmen,
_d1921-2004
_969515
245 1 0 _aAl volver la esquina /
_cCarmen Laforet ; edición a cargo de Cristina Cerezales, Agustín Cerezales e Israel Rolón Barada.
250 _a1ª ed.
260 _aBarcelona :
_bDestino,
_c2004.
300 _a283 p. ;
_c24 cm.
490 1 _aAncora y delfín ;
_v1001
700 0 _aCerezales Laforet, Cristina
_937492
700 1 _aCerezales Laforet, Agustín,
_d1957-
_937495
700 1 _aRolón Barada, Israel.
_999193
830 0 0 _aÁncora y Delfín
_v1001
_9151298
852 _aES-MaACL
_jL-29235
999 _c94180
_d94180